| 000 | 02952nam a2200781 a 4500 | ||
|---|---|---|---|
| 001 | vtls000530898 | ||
| 003 | NLI | ||
| 005 | 20210603142823.0 | ||
| 008 | 110308s1921 enk 000 0 eng | ||
| 039 | 9 |
_y201103081754 _zDatasoft |
|
| 040 | 0 |
_aNLI _beng _cRetro_DSC 1 _eAACR2 |
|
| 041 | 0 | _aeng | |
| 044 | _aenk | ||
| 082 | 0 | 4 | _a081 |
| 100 | 1 |
_aMorley, John Viscount, _d1838-1923 _9174803 |
|
| 245 | 1 | 4 |
_aThe works of Morley / _cJohn Viscount Morley |
| 260 |
_aLondon : _bMacmillan, _c1921 |
||
| 300 |
_a15 v. ; _c23 cm. |
||
| 505 | 0 | _aVol. 1-2 Recollections. - v.3 on compromise. - v.4 politics & history. - v.5 Oliver Cromwell. - v.6 critical miscellanies. - v.7 Voltaire. - v.8-9 Rousseau. - v.10-11 diderot and the encyclopaedists. - v.12 biographical studies. - v.13 walpole. - burke. - v.15 oracles an man & Govt | |
| 600 | 1 | 0 |
_aMorley, John, _d1838-1923 _xCriticism and interpretation _9614882 |
| 710 | 2 | _aAsutosh Collection (National Library, India) | |
| 740 | 0 | 2 | _aRecollections |
| 740 | 0 | 2 | _aOn compromise |
| 740 | 0 | 2 | _aPolitics & history |
| 740 | 0 | 2 | _aOliver Cromwell |
| 740 | 0 | 2 | _aCritical miscellanies |
| 740 | 0 | 2 | _aVoltaire |
| 740 | 0 | 2 | _aRousseau |
| 740 | 0 | 2 | _aDiderot and the encyclopaedists |
| 740 | 0 | 2 | _aBiographical studies |
| 740 | 0 | 2 | _aWalpole |
| 740 | 0 | 2 | _aBurke |
| 740 | 0 | 2 | _aOracles an man & Govt |
| 887 | _a | ||
| 901 |
_a12387 _b17.07.1956 _9v.1 |
||
| 901 |
_a12388 _b17.07.1956 _9v.2 |
||
| 901 |
_a12389 _b17.07.1956 _9v.3 |
||
| 901 |
_a18677 _b17.01.1956 _9v.4 |
||
| 901 |
_a12390 _b17.07.1956 _9v.5 |
||
| 901 |
_a12391 _b18.07.1956 _9v.6 |
||
| 901 |
_a12392 _b17.07.1956 _9v.7 |
||
| 901 |
_a12393 _b17.07.1956 _9v.8 |
||
| 901 |
_a12394 _b17.07.1956 _9v.9 |
||
| 901 |
_a12395 _b17.07.1956 _9v.10 |
||
| 901 |
_a12396 _b17.07.1956 _9v.11 |
||
| 901 |
_a12397 _b17.07.1956 _9v.12 |
||
| 901 |
_a12398 _b17.07.1956 _9v.13 |
||
| 901 |
_a12399 _b17.07.1956 _9v.14 |
||
| 901 |
_a12400 _b17.07.1956 _9v.15 |
||
| 902 | _aA.C 081 M | ||
| 942 |
_2ddc _cBKS |
||
| 949 |
_AVIRTUAITEM _D10000 _X100 _6GAC000012396ENG _9v.11 |
||
| 949 |
_AVIRTUAITEM _D10000 _X100 _6GAC000012397ENG _9v.12 |
||
| 949 |
_AVIRTUAITEM _D10000 _X100 _6GAC000012398ENG _9v.13 |
||
| 949 |
_AVIRTUAITEM _D10000 _X100 _6GAC000012399ENG _9v.14 |
||
| 949 |
_AVIRTUAITEM _D10000 _X100 _6GAC000012400ENG _9v.15 |
||
| 949 |
_AVIRTUAITEM _D10000 _X100 _6GAC000012387ENG _9v.1 |
||
| 949 |
_AVIRTUAITEM _D10000 _X100 _6GAC000012388ENG _9v.2 |
||
| 949 |
_AVIRTUAITEM _D10000 _X100 _6GAC000012389ENG _9v.3 |
||
| 949 |
_AVIRTUAITEM _D10000 _X100 _6GAC000018677ENG _9v.4 |
||
| 949 |
_AVIRTUAITEM _D10000 _X100 _6GAC000012390ENG _9v.5 |
||
| 949 |
_AVIRTUAITEM _D10000 _X100 _6GAC000012391ENG _9v.6 |
||
| 949 |
_AVIRTUAITEM _D10000 _X100 _6GAC000012392ENG _9v.7 |
||
| 949 |
_AVIRTUAITEM _D10000 _X100 _6GAC000012393ENG _9v.8 |
||
| 949 |
_AVIRTUAITEM _D10000 _X100 _6GAC000012394ENG _9v.9 |
||
| 949 |
_AVIRTUAITEM _D10000 _X100 _6GAC000012395ENG _9v.10 |
||
| 999 |
_aVIRTUA40 _c451908 _d451908 |
||